| 000 | 00506nam a2200193Ia 4500 | ||
|---|---|---|---|
| 003 | IEPS | ||
| 005 | 20250703135244.0 | ||
| 008 | 250223s9999||||xx |||||||||||||| ||und|| | ||
| 020 | _a9770311995 | ||
| 040 | _CIEPS | ||
| 041 | _aara | ||
| 082 | _a615.82 | ||
| 100 | _aرشدي محمد عادل | ||
| 245 | 0 | _aالعلاج الطبيعي | |
| 245 | 0 | _bاسس و مبادئ | |
| 260 |
_aالاسكندرية _bمنشأة المعارف _c2004 |
||
| 300 |
_a349 ص. _bصور _c24 سم. |
||
| 942 | _cكتاب | ||
| 999 |
_c11434 _d11434 |
||